000 00660nam a2200241Ia 4500
003 OSt
005 20220928104710.0
006 a|||||r|||| 00| 0
007 ta
008 220927b |||||||| |||| 00| 0 eng d
024 _a51103
037 _cTextual
040 _aSDCL
_cSDCL
_beng
041 _2eng
_aeng
082 _aV41'N7, L5
100 _aGhose S K Ed.
_9411601
245 0 _aChina's nuclear and political strategy
260 _aNew Delhi
_bYoung asia Publications
_c1975
300 _a298p
_ccm.
700 _a Sreedhar Ed.
_9405904
942 _hV41'N7, L5
_cTEXL
_2CC
999 _c727291
_d727291